| 000 | 00510nam a2200181Ia 4500 | ||
|---|---|---|---|
| 008 | 220531s9999 xx 000 0 und d | ||
| 041 | _amar | ||
| 100 |
_aभिरुड सु. नाफडे भा. _963088 |
||
| 245 | _aव्यवसाय व्यवस्थापन | ||
| 250 | _a1ST | ||
| 260 |
_aPune _bNirali _c2014 |
||
| 300 | _a8.38 | ||
| 542 | _d10-07-2014 | ||
| 551 |
_aCommerce _bGrantebal-C |
||
| 650 |
_aManagement _963089 |
||
| 906 |
_d2014-2015 _f473 |
||
| 999 |
_c35858 _d35858 |
||